ბათუმის შოთა რუსთაველის სახელმწიფო უნივერსიტეტის ბიბლიოთეკა

ცაცხვის ქვეშ (ბიბ.ჩანაწერი № 48627)

000 -LEADER
fixed length control field 00903nam a2200229Ia 4500
001 - CONTROL NUMBER
control field 15527
003 - CONTROL NUMBER IDENTIFIER
control field GE_BSU
008 - FIXED-LENGTH DATA ELEMENTS--GENERAL INFORMATION
fixed length control field 181216s||||||||xx |||||||||||||| ||und||
040 ## - CATALOGING SOURCE
Transcribing agency GE_BSU
080 ## - UNIVERSAL DECIMAL CLASSIFICATION NUMBER
Universal Decimal Classification number 821.353.1-32+821.353.1-4
100 ## - MAIN ENTRY--PERSONAL NAME
Personal name ჩიქოვანი,გრიგოლ
245 ## - TITLE STATEMENT
Title ცაცხვის ქვეშ
245 ## - TITLE STATEMENT
Remainder of title მოთხრობები.ნარკვევები
245 ## - TITLE STATEMENT
Statement of responsibility, etc. წინას.ავტ. ლავროსი კალანდაძე. რედ. ბ.მირცხულავა. მხატვ.ირ. ჯანაშვილი
260 ## - PUBLICATION, DISTRIBUTION, ETC.
Place of publication, distribution, etc. თბილისი
260 ## - PUBLICATION, DISTRIBUTION, ETC.
Name of publisher, distributor, etc. საბჭოთა საქართველო
260 ## - PUBLICATION, DISTRIBUTION, ETC.
Date of publication, distribution, etc. 1962
300 ## - PHYSICAL DESCRIPTION
Extent 500გვ.22სმ.
653 ## - INDEX TERM--UNCONTROLLED
Uncontrolled term მოთხრობები.ნარკვევები
653 ## - INDEX TERM--UNCONTROLLED
Uncontrolled term ცაცხვის ქვეშ
942 ## - ADDED ENTRY ELEMENTS (KOHA)
Koha item type წიგნი
ეგზემპლარები
Withdrawn status Lost status Damaged status Not for loan Date acquired Barcode Date last seen Price effective from Koha item type
        2018-12-17 38422 2018-12-17 2018-12-17 წიგნი